000 00699nam a2200229Ia 4500
003 OSt
005 20260420162748.0
008 220923b |||||||| |||| 00| 0 eng d
020 _a8179910709
037 _cGeneral Book
040 _aRTL
_cRTL
_beng
041 _2eng
_aeng
084 _aY:49(Q).2.P, P2
_qRTL
100 _aZakaria Rafiq
_913850
245 0 _aCommunal rage in secular India
260 _aMumbai
_bPopular Prakashan India
_c2002
300 _axxvi, 248 p.
_bIncludes bibliographical references and index
500 _aBibliography P 228-33
650 _aSociology
942 _hY:49(Q).2.P, P2
_cGB
_2CC
999 _c591583
_d591583